Concrete industrial ground floors / (Record no. 549022)
[ view plain ]
| 000 -LEADER | |
|---|---|
| fixed length control field | 00662nam a2200169 a 4500 |
| 020 ## - INTERNATIONAL STANDARD BOOK NUMBER | |
| International Standard Book Number | 0727725211 |
| 082 00 - DEWEY DECIMAL CLASSIFICATION NUMBER | |
| Classification number | 690.16 |
| Author Mark | NEA |
| -- | L-NUST, P-19 |
| 100 1# - MAIN ENTRY--PERSONAL NAME | |
| Personal name | Neal, Frank R. |
| 9 (RLIN) | 45521 |
| 245 10 - TITLE STATEMENT | |
| Title | Concrete industrial ground floors / |
| Statement of responsibility, etc. | Frank R. Neal. |
| 260 ## - PUBLICATION, DISTRIBUTION, ETC. | |
| Place of publication, distribution, etc. | London : |
| Name of publisher, distributor, etc. | Thomas Telford ; |
| Place of publication, distribution, etc. | New York : |
| Name of publisher, distributor, etc. | Distributor, American Society of Civil Engineers, Publications Sales Department, |
| Date of publication, distribution, etc. | 1996. |
| 300 ## - PHYSICAL DESCRIPTION | |
| Extent | ix, 41 p. : |
| Other physical details | ill. ; |
| Dimensions | 30 cm. |
| 526 ## - STUDY PROGRAM INFORMATION NOTE | |
| Program name | 0 |
| Interest level | 0 |
| Reading level | 0 |
| Title point value | 690_160000000000000_NEA |
| 650 #0 - SUBJECT ADDED ENTRY--TOPICAL TERM | |
| Topical term or geographic name entry element | Floors, Concrete |
| General subdivision | Design and construction. |
| 9 (RLIN) | 45522 |
| 650 #0 - SUBJECT ADDED ENTRY--TOPICAL TERM | |
| Topical term or geographic name entry element | Industrial buildings |
| General subdivision | Floors |
| -- | Design and construction. |
| 9 (RLIN) | 45523 |
| 650 #0 - SUBJECT ADDED ENTRY--TOPICAL TERM | |
| Topical term or geographic name entry element | MCE |
| 9 (RLIN) | 379 |
| 942 ## - ADDED ENTRY ELEMENTS (KOHA) | |
| Source of classification or shelving scheme | |
| Koha item type | Book |
| Withdrawn status | Lost status | Source of classification or shelving scheme | Damaged status | Not for loan | Permanent Location | Current Location | Date acquired | Total Checkouts | Full call number | Barcode | Date last seen | Price effective from | Koha item type |
|---|---|---|---|---|---|---|---|---|---|---|---|---|---|
| Military College of Engineering (MCE) | Military College of Engineering (MCE) | 09/15/2014 | 690.16 NEA | MCE-43985 | 09/15/2014 | 09/15/2014 | Book |
